| 000 | 01091nam a2200361 c 4500 | ||
|---|---|---|---|
| 001 | 52216 | ||
| 003 | ES-MaCES | ||
| 005 | 20250203133828.0 | ||
| 008 | 220413s2022 sp l ||| | spa d | ||
| 017 |
_aM 6560-2022 _bDL |
||
| 020 | _a9788418899157 | ||
| 040 |
_aES-MaCES _bspa _cES-MaCES |
||
| 245 | 0 | 0 | _aMemento práctico Francis Lefebvre, fiscal 2022 |
| 250 | _aAct. a 18 de feb. de 2022 | ||
| 260 |
_aMadrid _bFrancis Lefebvre _c2022 |
||
| 300 |
_a2286 p. _c24 cm |
||
| 500 | _aÍndices | ||
| 541 | _cCompra | ||
| 650 | 4 |
_asistema tributario _928092 |
|
| 650 | 4 |
_aadministración fiscal _927209 |
|
| 650 | 4 |
_aimpuesto _928086 |
|
| 650 | 4 |
_atributación _928093 |
|
| 650 | 4 |
_aderecho fiscal _927162 |
|
| 650 | 4 |
_alegislación económica _927161 |
|
| 650 | 4 |
_aEspaña _926964 |
|
| 650 | 4 |
_a2022 _940274 |
|
| 650 | 4 |
_aguía _929262 |
|
| 653 | 1 | 0 | _aDerecho financiero y tributario |
| 710 | 2 |
_92636 _aEdiciones Francis Lefebvre _eed. |
|
| 787 | 0 |
_tMemento práctico Francis Lefebvre, fiscal 2021 _w(ES-MaCES)51768 |
|
| 902 | _aLIB Libro | ||
| 942 |
_2CES _cBK _h6.0.10. |
||
| 999 |
_c52216 _d52216 |
||